Исследование и разработка вопросов направленного бурения скважин глубиной до 200 м в условиях железорудных месторождений Горной Шории: Окончательный отчет о НИР; Тема: х/д 90/72; Задание: Решение выездной сессии Секции техники геологоразведочных работ Экспертно-геологического совета МГ РСФСР № 15-50-71 от 4.01.72г.

Manylion Llyfryddiaeth
Awdur Corfforaethol: Томский политехнический институт (ТПИ) (595)
Awduron Eraill: Сулакшин С. С. Степан Степанович (руководитель), Кривошеев В. В. (исполнитель)
Iaith:Rwseg
Cyhoeddwyd: Томск, ТПИ, 1975
Pynciau:
Fformat: Llyfr
KOHA link:https://koha.lib.tpu.ru/cgi-bin/koha/opac-detail.pl?biblionumber=174640

MARC

LEADER 00000nbm0a2200000 4500
001 174640
005 20231031164859.0
029 0 0 |a SU  |b 73029848  |f ТПУ 
035 |a (RuTPU)RU\TPU\book\189371 
090 |a 174640 
100 |a 20100201d1975 k y0rusy50 ca 
101 0 |a rus 
102 |a RU 
105 |a a p 001zy 
200 1 |a Исследование и разработка вопросов направленного бурения скважин глубиной до 200 м в условиях железорудных месторождений Горной Шории  |e Окончательный отчет о НИР  |e Тема: х/д 90/72  |e Задание: Решение выездной сессии Секции техники геологоразведочных работ Экспертно-геологического совета МГ РСФСР № 15-50-71 от 4.01.72г.  |f Томский политехнический институт (ТПИ) ; руководитель С. С. Сулакшин ; В. В. Кривошеев 
210 |a Томск  |c ТПИ  |d 1975 
215 |a 235 л. 
320 |a Библиогр.: с. 212-216. 
610 1 |a отчеты о НИР 
610 1 |a направленное бурение 
610 1 |a скважины 
610 1 |a железорудные месторождения 
610 1 |a Горная Шория 
610 1 |a Таштагольское месторождение 
610 1 |a рудные поля 
610 1 |a искривление скважин 
610 1 |a азимуты 
675 |a 553.31  |v 3 
675 |a 622.243.2  |v 3 
702 1 |a Сулакшин  |b С. С.  |c российский геолог  |c Заслуженный профессор Томского политехнического университета  |f 1919-  |g Степан Степанович  |2 stltpush  |3 (RuTPU)RU\TPU\pers\13908  |4 673 
702 1 |a Кривошеев  |b В. В.  |4 677 
712 0 2 |a Томский политехнический институт (ТПИ)  |c (1944-1991)  |2 stltpush  |3 (RuTPU)RU\TPU\col\1123  |4 595 
801 1 |a RU  |b 63413507  |c 20100201 
801 2 |a RU  |b 63413507  |c 20180410  |g RCR 
942 |c BK